The voice of Hayat Saif : (Record no. 21555)
[ view plain ]
| 000 -LEADER | |
|---|---|
| fixed length control field | 00816nam a22002777a 4500 |
| 001 - CONTROL NUMBER | |
| control field | 21555 |
| 003 - CONTROL NUMBER IDENTIFIER | |
| rucl marc code | BD-RjUL |
| 005 - DATE AND TIME OF LATEST TRANSACTION | |
| control field | 20211209000712.0 |
| 008 - FIXED-LENGTH DATA ELEMENTS--GENERAL INFORMATION | |
| fixed length control field | 140304s1998 bg 000 0 eng d |
| 020 ## - INTERNATIONAL STANDARD BOOK NUMBER | |
| International Standard Book Number | 9844830052 |
| 035 ## - SYSTEM CONTROL NUMBER | |
| System control number | BD-RjUL) 21619 |
| 040 ## - CATALOGING SOURCE | |
| Original cataloging agency | DLC |
| Transcribing agency | DLC |
| Language of cataloging | eng |
| Modifying agency | BD-RjUL |
| 041 1# - LANGUAGE CODE | |
| Language code of text/sound track or separate title | eng |
| Language code of original | ben |
| 082 00 - DEWEY DECIMAL CLASSIFICATION NUMBER | |
| Classification number | 891.441 |
| Author mark and year | SAV 1968 |
| 100 1# - MAIN ENTRY--PERSONAL NAME | |
| Personal name | Saif, hayat |
| 9 (RLIN) | 66567 |
| 245 14 - TITLE STATEMENT | |
| Title | The voice of Hayat Saif : |
| Remainder of title | selected poems / |
| Statement of responsibility, etc. | with an introduction by Syed Manzoorul Islam. |
| 260 ## - PUBLICATION, DISTRIBUTION, ETC. (IMPRINT) | |
| Place of publication, distribution, etc. | Dhaka : |
| Name of publisher, distributor, etc. | Dibya Prakash, |
| Date of publication, distribution, etc. | 1998. |
| 300 ## - PHYSICAL DESCRIPTION | |
| Pagination | 112 p. ; |
| Size | 23 cm. |
| 500 ## - GENERAL NOTE | |
| General note | Poems. |
| 600 10 - SUBJECT ADDED ENTRY--PERSONAL NAME | |
| Personal name | Sāipha, Hāẏāt̲. |
| 700 1# - ADDED ENTRY--PERSONAL NAME | |
| Personal name | Islam. Syed Manzoorul |
| 942 ## - ADDED ENTRY ELEMENTS (KOHA) | |
| Source of classification or shelving scheme | Dewey Decimal Classification |
| Koha item type | Books |
| Lost status | Source of classification or shelving scheme | Damaged status | Not for loan | Collection code | Permanent Location | Current Location | Shelving location | Date acquired | Source of acquisition | Total Checkouts | Full call number | Date last seen | Copy number | Koha item type |
|---|---|---|---|---|---|---|---|---|---|---|---|---|---|---|
| Dewey Decimal Classification | Added to bundle | Non-fiction | Central Library, University of Rajshahi | Central Library, University of Rajshahi | Reading Room | 03/07/1999 | Gift | 891.441 SAV 1968 | 04/03/2014 | C-1 | Books |